000 01153nmm a2200373 a 4500
003 AR-BaBNM
005 20251128205035.0
008 156019s1994 ||||||||||||||000 | spa||
040 _cAR-BaBNM
110 1 _aArgentina
_bMinisterio de Cultura y Educación
245 1 0 _aTerminalidad de primaria para adultos a distancia
_blengua. 1
250 _a1ª ed.
260 _aBuenos Aires
_bMinisterio de Cultura y Educación de la Nación
_c1994
300 0 _a227 p.
_bil.
500 0 _aCon cuadros sinópticos
500 1 _aContiene módulos 1, 2 y 3
500 0 _aIlustraciones por Ana María Pilipczuk
650 4 _aCUENTOS
650 4 _aEDUCACION DE ADULTOS
650 4 _aLENGUA
650 4 _aLEYENDAS
650 4 _aNOTICIAS PERIODISTICAS
650 4 _aGRAMATICA
650 4 _aORTOGRAFIA
653 0 _aEDUCACION A DISTANCIA
653 0 _aNARRATIVA
653 0 _aCORRECCION DE TRABAJOS ESCOLARES
700 1 _aFierro, Marta Ester
_ecoordinador
700 1 _aGonzález, Lucía Raquel
_ecoordinador
700 1 _aNespereira, Verónica
_ecoordinador
700 1 _aRodríguez, Heliana
_ecoordinador
942 _cBK
998 _cGrace
999 _c9750
_d9750